| Tag |
First Indicator |
Second Indicator |
Subfields |
| LEADER |
00000cam a2200000 a 4500 |
| 001 |
in00000010527 |
| 005 |
20151007051403.0 |
| 008 |
870416s1987 maua b 00110 eng |
| 010 |
|
|
|a 85045930
|
| 020 |
|
|
|a 0669124168 (alk. paper)
|
| 035 |
|
|
|a (OCoLC)15630816
|
| 035 |
|
|
|9 AAA2740AM
|
| 040 |
|
|
|a DLC
|c DLC
|d TXA
|d UtOrBLW
|
| 043 |
|
|
|a n-us---
|
| 049 |
|
|
|a TXAM
|c [A12629867]
|
| 050 |
0 |
0 |
|a KF2009.Z95
|b L33 1987
|
| 082 |
0 |
|
|a 344.73/012574
|a 347.30412574
|2 19
|
| 100 |
1 |
|
|a Laband, David N.
|
| 245 |
1 |
0 |
|a Blue laws :
|b the history, economics, and politics of Sunday- closing laws /
|c David N. Laband, Deborah Hendry Heinbuch.
|
| 264 |
|
1 |
|a Lexington, Mass. :
|b Lexington Books,
|c [1987]
|
| 264 |
|
4 |
|c ©1987
|
| 300 |
|
|
|a vi, 232 pages :
|b illustrations ;
|c 24 cm.
|
| 336 |
|
|
|a text
|b txt
|2 rdacontent
|
| 337 |
|
|
|a unmediated
|b n
|2 rdamedia
|
| 338 |
|
|
|a volume
|b nc
|2 rdacarrier
|
| 504 |
|
|
|a Bibliography: pages [225]-227.
|
| 500 |
|
|
|a Includes index.
|
| 650 |
|
0 |
|a Sunday legislation
|z United States
|x States.
|
| 650 |
|
0 |
|a Sunday legislation
|z United States.
|
| 650 |
|
0 |
|a Sunday legislation.
|
| 700 |
1 |
|
|a Heinbuch, Deborah Hendry.
|
| 999 |
|
|
|a MARS
|
| 999 |
f |
f |
|s 5b65c6ea-699c-3834-ba94-eb6986d0c144
|i 7422496c-26b6-3a1b-9f94-5aa0869e1fab
|t 0
|
| 952 |
f |
f |
|p ric
|a Texas A&M University
|b Rellis Campus
|c Joint Library Facility
|d Remote Storage
|t 0
|e KF2009.Z95 L33 1987
|h Library of Congress classification
|i unmediated -- volume
|m A14815566474
|
| 998 |
f |
f |
|a KF2009.Z95 L33 1987
|t 0
|l Remote Storage
|